[Event "Santa Catarina-ch U18 Girls"]
[Site "Blumenau"]
[Date "2022.03.27"]
[Round "6"]
[White "Nagel, Yasmin Da Silva"]
[Black "Steuck, Camilli"]
[Result "1-0"]
[WhiteElo "1354"]
[BlackElo "1325"]
[PlyCount "123"]
[EventDate "2022.03.25"]
[EventType "swiss"]
[EventRounds "6"]
[EventCountry "BRA"]
[SourceTitle "EXT 2023"]
[Source "ChessBase"]
[SourceDate "2022.10.05"]
[SourceVersion "1"]
[SourceVersionDate "2022.10.05"]
[SourceQuality "1"]

1. d4 Nf6 2. c4 e6 3. Nc3 d5 4. Nf3 g6 5. e3 Bg7 6. Ne5 Nbd7 7. f4 c6 8. cxd5 exd5 9. Bd3 Qc7 10. 0-0 0-0 11. Bd2 Ne8 12. Rc1 Qd8 13. g4 Nxe5 14. fxe5 f6 15. exf6 Bxf6 16. b4 Be6 17. Ne2 Bxg4 18. Qe1 Ng7 19. Qg3 Bh5 20. Nf4 Bh4 21. Qh3 Qg5+ 22. Ng2 Bf2+ 23. Rxf2 Rxf2 24. Kxf2 Rf8+ 25. Kg1 Qe7 26. Nf4 Qf6 27. Rf1 Qg5+ 28. Kh1 Qe7 29. Nxh5 Nxh5 30. Rxf8+ Qxf8 31. Be2 Qf7 32. Be1 Qe7 33. Bxh5 gxh5 34. Bh4 Qe4+ 35. Qg2+ Qxg2+ 36. Kxg2 Kf7 37. Kf3 Ke6 38. Kf4 h6 39. a4 b6 40. h3 Kd6 41. Kf5 c5 42. Be1 c4 43. Kg6 Ke6 44. Kxh6 Kf5 45. Kxh5 Ke4 46. Kg6 Kxe3 47. h4 Kxd4 48. h5 c3 49. Bxc3+ Kxc3 50. h6 Kxb4 51. h7 Kxa4 52. h8Q b5 53. Qd4+ b4 54. Qxa7+ Kb3 55. Kf5 Kc3 56. Ke5 b3 57. Qc5+ Kb2 58. Kxd5 Ka2 59. Qa5+ Kb1 60. Kc4 b2 61. Qa3 Kc1 62. Qc3+ 1-0

[Event "Timbo op 2nd"]
[Site "Timbo"]
[Date "2022.02.19"]
[Round "5"]
[White "Steuck, Camilli"]
[Black "Esteche, Caina Rinaldi"]
[Result "1-0"]
[WhiteElo "1279"]
[BlackElo "1735"]
[PlyCount "62"]
[EventDate "2022.02.17"]
[EventType "swiss"]
[EventRounds "7"]
[EventCountry "BRA"]
[SourceTitle "EXT 2023"]
[Source "ChessBase"]
[SourceDate "2022.10.05"]
[SourceVersion "1"]
[SourceVersionDate "2022.10.05"]
[SourceQuality "1"]

1. e4 c5 2. c3 d5 3. exd5 Qxd5 4. Nf3 Nc6 5. Be2 e5 6. d3 Nge7 7. Nbd2 Ng6 8. Nc4 Be7 9. Qc2 0-0 10. 0-0 Be6 11. Re1 f6 12. Bd2 Rfd8 13. Rad1 Rac8 14. a3 Qd7 15. Bc1 b5 16. Ne3 Na5 17. c4 Nc6 18. b3 Nf4 19. Bb2 Qb7 20. Rd2 Rc7 21. Bf1 Rcd7 22. Ra1 Bf7 23. Nf5 Bf8 24. Rad1 g6 25. Ng3 Ne6 26. Ne4 Kg7 27. h3 Ned4 28. Bxd4 Nxd4 29. Nxd4 Rxd4 30. Be2 Qd7 31. Qc3 Kg8 1-0

[Event "Santa Catarina State-ch (Women) 34th"]
[Site "Rio Negrinho"]
[Date "2021.07.23"]
[Round "3"]
[White "Pavao, Alice Lara Biasi"]
[Black "Steuck, Camilli"]
[Result "0-1"]
[WhiteElo "1060"]
[BlackElo "1303"]
[PlyCount "60"]
[EventDate "2021.07.22"]
[EventType "swiss"]
[EventRounds "7"]
[EventCountry "BRA"]
[SourceTitle "EXT 2022"]
[Source "ChessBase"]
[SourceDate "2021.10.06"]
[SourceVersion "1"]
[SourceVersionDate "2021.10.06"]
[SourceQuality "1"]

1. Nf3 Nf6 2. g3 c5 3. Bg2 d5 4. 0-0 Nc6 5. d3 e6 6. c4 d4 7. Nbd2 Be7 8. a3 Qc7 9. Rb1 Rb8 10. Nb3 b6 11. Bd2 0-0 12. Na1 a5 13. Nc2 e5 14. b4 axb4 15. axb4 Be6 16. b5 Nd8 17. Ng5 Bc8 18. Ne4 Bb7 19. Nxf6+ Bxf6 20. Ne1 Re8 21. Bxb7 Nxb7 22. Nf3 h6 23. Qc1 Kh7 24. Ra1 Nd6 25. h4 Qd7 26. Nh2 Qh3 27. Nf3 e4 28. Ne1 e3 29. fxe3 Qxg3+ 30. Ng2 dxe3 0-1

[Event "Santa Catarina State-ch (Women) 34th"]
[Site "Rio Negrinho"]
[Date "2021.07.22"]
[Round "1"]
[White "Da Cruz, Karoliny Taiane"]
[Black "Steuck, Camilli"]
[Result "1-0"]
[WhiteElo "1779"]
[BlackElo "1303"]
[PlyCount "95"]
[EventDate "2021.07.22"]
[EventType "swiss"]
[EventRounds "7"]
[EventCountry "BRA"]
[SourceTitle "EXT 2022"]
[Source "ChessBase"]
[SourceDate "2021.10.06"]
[SourceVersion "1"]
[SourceVersionDate "2021.10.06"]
[SourceQuality "1"]

1. e4 e5 2. Nf3 Nc6 3. Bb5 d6 4. d4 exd4 5. Nxd4 Bd7 6. Nc3 Nf6 7. 0-0 Be7 8. Be3 Ne5 9. Bxd7+ Qxd7 10. Nf5 0-0 11. f4 Ng6 12. Qf3 Rfe8 13. Rae1 Bf8 14. Bd4 Qc8 15. Qg3 Kh8 16. Qg5 Ng8 17. Nd5 Qd8 18. Qg3 c6 19. Nc3 Qd7 20. h4 f6 21. h5 N6e7 22. Nh4 Nh6 23. f5 Red8 24. Qf4 Neg8 25. Rf3 Qf7 26. Rh3 Qc4 27. Bf2 Re8 28. Rd3 Qf7 29. Rh3 Qc4 30. Rd1 Qb4 31. Qd2 a6 32. b3 Ng4 33. Bd4 N8h6 34. Rd3 Rad8 35. Nf3 Qa5 36. a4 Qc7 37. Bf2 Qf7 38. Bg3 Qxh5 39. Bxd6 Bxd6 40. Rxd6 Rxd6 41. Qxd6 Ne3 42. Rd2 Nhg4 43. Qg3 Qf7 44. Qf4 h5 45. Qg3 Qg8 46. Nh4 Qh7 47. Qc7 Qg8 48. Qxb7 1-0

[Event "Timbo op"]
[Site "Timbo"]
[Date "2021.06.12"]
[Round "2"]
[White "Steuck, Camilli"]
[Black "Dos Santos, Gabriel"]
[Result "1-0"]
[WhiteElo "1264"]
[BlackElo "1325"]
[PlyCount "51"]
[EventDate "2021.06.11"]
[EventType "swiss"]
[EventRounds "6"]
[EventCountry "BRA"]
[SourceTitle "EXT 2022"]
[Source "ChessBase"]
[SourceDate "2021.10.06"]
[SourceVersion "1"]
[SourceVersionDate "2021.10.06"]
[SourceQuality "1"]

1. e4 e5 2. Nf3 Nc6 3. Bc4 Nf6 4. d3 Bc5 5. c3 d6 6. h3 0-0 7. Nbd2 Be6 8. Bb5 a6 9. Ba4 b5 10. Bc2 d5 11. exd5 Bxd5 12. 0-0 e4 13. dxe4 Bxe4 14. Nxe4 Nxe4 15. Bxe4 Ne7 16. Bxa8 Qxa8 17. Bf4 Qe4 18. Bg3 Nf5 19. Kh2 Nh4 20. Nxh4 Bd6 21. Bxd6 cxd6 22. Qd4 Qe7 23. Nf5 Qf6 24. Qxf6 gxf6 25. Rad1 Re8 26. Rxd6 1-0

[Event "Florianopolis op 7th"]
[Site "Florianopolis"]
[Date "2021.01.20"]
[Round "4"]
[White "Japiassu, Glauco Antonio Beze"]
[Black "Steuck, Camilli"]
[Result "1/2-1/2"]
[WhiteElo "1545"]
[BlackElo "1251"]
[PlyCount "66"]
[EventDate "2021.01.18"]
[EventType "swiss"]
[EventRounds "10"]
[EventCountry "BRA"]
[SourceTitle "CBM 200 Extra"]
[Source "ChessBase"]
[SourceDate "2021.03.31"]
[SourceVersion "1"]
[SourceVersionDate "2021.03.31"]
[SourceQuality "1"]

1. d4 Nf6 2. Bf4 e6 3. e3 c5 4. c3 b6 5. Bd3 Bb7 6. Nf3 Be7 7. Nbd2 d5 8. Bb5+ Nbd7 9. Ne5 0-0 10. Nc6 Qe8 11. Nxe7+ Qxe7 12. 0-0 Rfd8 13. Bg5 h6 14. Bh4 Nf8 15. Nf3 Ng6 16. Bxf6 Qxf6 17. Qa4 Rdc8 18. Ba6 Qe7 19. Bxb7 Qxb7 20. Nd2 Qc7 21. f4 Ne7 22. Nf3 Nf5 23. Rae1 Nd6 24. Ne5 f6 25. Nf3 Ne4 26. Qc2 cxd4 27. Nxd4 Qd7 28. Rd1 f5 29. Qe2 Qe8 30. Nf3 Qh5 31. Nd4 Qg6 32. Nf3 Qh5 33. Nd4 Qg6 1/2-1/2

[Event "Florianopolis op 7th"]
[Site "Florianopolis"]
[Date "2021.01.19"]
[Round "3"]
[White "Steuck, Camilli"]
[Black "Vieira, Alexandre Letizio"]
[Result "0-1"]
[WhiteElo "1251"]
[BlackElo "1721"]
[PlyCount "72"]
[EventDate "2021.01.18"]
[EventType "swiss"]
[EventRounds "10"]
[EventCountry "BRA"]
[SourceTitle "CBM 200 Extra"]
[Source "ChessBase"]
[SourceDate "2021.03.31"]
[SourceVersion "1"]
[SourceVersionDate "2021.03.31"]
[SourceQuality "1"]

1. e4 c5 2. Nf3 g6 3. Bc4 Nc6 4. c3 Bg7 5. d4 cxd4 6. cxd4 d6 7. h3 Nf6 8. Nc3 0-0 9. Be3 a6 10. 0-0 b5 11. Bd3 Bb7 12. Re1 Rc8 13. Rc1 Na5 14. a3 Nc4 15. Qe2 Nxe3 16. Qxe3 Qb6 17. Qd2 Nd7 18. Bb1 e6 19. Rcd1 Qc7 20. Rc1 Qb8 21. Ba2 Nb6 22. b3 Qa8 23. Bb1 Qb8 24. Qe3 Nd7 25. Qd2 h6 26. Red1 Qa7 27. d5 e5 28. Re1 Qb6 29. Qe3 Qxe3 30. Rxe3 Rc7 31. b4 h5 32. Rd3 Bh6 33. Rc2 Rfc8 34. Ne1 Nb6 35. Ba2 Na4 36. Nxa4 Rxc2 0-1

[Event "Santa Catarina-ch (Women)"]
[Site "Lages"]
[Date "2020.02.14"]
[Round "2"]
[White "Vahldiek, Larissa Eduarda Sch"]
[Black "Steuck, Camilli"]
[Result "1-0"]
[WhiteElo "1448"]
[BlackElo "1251"]
[PlyCount "81"]
[EventDate "2020.02.14"]
[EventType "swiss"]
[EventRounds "6"]
[EventCountry "BRA"]
[SourceTitle "CBM 195 Extra"]
[Source "ChessBase"]
[SourceDate "2020.05.31"]
[SourceVersion "1"]
[SourceVersionDate "2020.05.31"]
[SourceQuality "1"]

1. d4 Nf6 2. Bg5 e6 3. Nf3 Be7 4. e3 b6 5. Be2 Bb7 6. Nbd2 c5 7. c3 0-0 8. 0-0 d6 9. dxc5 bxc5 10. Qc2 Nbd7 11. Rfd1 Rc8 12. b3 Qc7 13. Qb2 Rfe8 14. Rac1 Nb6 15. a3 Qb8 16. b4 c4 17. Qa2 d5 18. Bf4 Bd6 19. Bxd6 Qxd6 20. Nd4 Qd7 21. N2f3 Ne4 22. Qb2 f6 23. Bf1 Na4 24. Qa1 a6 25. Nd2 Nd6 26. g3 Nb5 27. Nxb5 axb5 28. Bg2 Rcd8 29. e4 Qc7 30. exd5 exd5 31. Nf3 Nb6 32. Rc2 Re7 33. Rcd2 Qc6 34. Qb1 Qe8 35. Nd4 Na4 36. Qc2 Re1+ 37. Rxe1 Qxe1+ 38. Bf1 Qe8 39. Re2 Qd7 40. Bg2 Nb6 41. Ne6 1-0

[Event "Sao Bento do Sul op 07"]
[Site "Sao Bento do Sul"]
[Date "2019.07.13"]
[Round "4"]
[White "Steuck, Camilli"]
[Black "Lino, Tiffany Marcele"]
[Result "0-1"]
[WhiteElo "1242"]
[BlackElo "1440"]
[PlyCount "146"]
[EventDate "2019.07.12"]
[EventType "swiss"]
[EventRounds "7"]
[EventCountry "BRA"]
[SourceTitle "CBM 195 Extra"]
[Source "ChessBase"]
[SourceDate "2020.05.31"]
[SourceVersion "1"]
[SourceVersionDate "2020.05.31"]
[SourceQuality "1"]

1. e4 c5 2. Bc4 a6 3. Nc3 Nc6 4. Nf3 e6 5. 0-0 g6 6. a3 Bg7 7. d3 Nge7 8. Rb1 0-0 9. Bd2 b5 10. Ba2 Bb7 11. Ne2 d5 12. exd5 exd5 13. c3 Rc8 14. b4 c4 15. d4 Nf5 16. Bg5 Qd7 17. Qd2 Nd6 18. Ng3 Rfe8 19. Rbd1 Ne4 20. Nxe4 Rxe4 21. Bb1 Re6 22. Rde1 Rce8 23. Bc2 Bc8 24. Re3 Rxe3 25. Bxe3 Qd8 26. h3 Ne7 27. Re1 Nf5 28. Bg5 f6 29. Rxe8+ Qxe8 30. Be3 Nxe3 31. fxe3 Bh6 32. Kf2 Kf7 33. Qe2 Bb7 34. Nd2 Kg7 35. Qf3 Qe7 36. Nf1 f5 37. g3 Qe6 38. Kg2 Bc6 39. Kf2 Qe7 40. h4 Qe6 41. Bd1 Qe4 42. Qxe4 fxe4 43. Bg4 Bb7 44. Nh2 Kf7 45. Bh3 Bg7 46. Kg2 Bh6 47. Kf2 Bg7 48. Kg2 h5 49. Kf2 Bf6 50. Nf1 Bd8 51. Nd2 Bc6 52. Bc8 a5 53. Ke2 Ke7 54. Bh3 Kf7 55. Nf1 a4 56. Kf2 Be7 57. Nd2 Kf6 58. Nb1 g5 59. Kg2 g4 60. Bxg4 hxg4 61. Kf2 Kg6 62. Kg2 Kh5 63. Kh2 Bd7 64. Kg2 Bxh4 65. gxh4 Kxh4 66. Nd2 g3 67. Kg1 Kh3 68. Nf1 Bg4 69. Nd2 g2 70. Nf1 gxf1Q+ 71. Kxf1 Kg3 72. Ke1 Kf3 73. Kd2 Kf2 0-1

[Event "Santa Catarina State-ch (Women)"]
[Site "Santa Catarina"]
[Date "2019.06.08"]
[Round "3.15"]
[White "Ittner, Emily Caroline"]
[Black "Steuck, Camilli"]
[Result "0-1"]
[WhiteElo "1105"]
[BlackElo "1231"]
[PlyCount "66"]
[EventDate "2019.06.07"]
[EventType "swiss"]
[EventRounds "6"]
[EventCountry "BRA"]
[SourceTitle "EXT 2022"]
[Source "ChessBase"]
[SourceDate "2021.10.06"]
[SourceVersion "1"]
[SourceVersionDate "2021.10.06"]
[SourceQuality "1"]

1. c4 e5 2. d3 Nc6 3. e3 g6 4. Be2 Bg7 5. Nd2 Nf6 6. Ngf3 d6 7. 0-0 0-0 8. a3 a6 9. b3 Rb8 10. Bb2 Bf5 11. e4 Bd7 12. Rc1 b6 13. d4 exd4 14. Nxd4 Nxd4 15. Bxd4 c5 16. Bc3 Re8 17. Bd3 Bc6 18. Re1 Rb7 19. Qc2 Rc7 20. Re2 Nd7 21. Bxg7 Kxg7 22. Qc3+ Kg8 23. Rce1 Ne5 24. Bc2 Rce7 25. Nf3 Nd7 26. e5 Bxf3 27. Qxf3 Nxe5 28. Qd5 Qd7 29. f4 Ng4 30. Rxe7 Rxe7 31. Rxe7 Qxe7 32. Qa8+ Kg7 33. h3 Qe1# 0-1

[Event "Santa Catarina State-ch (Women)"]
[Site "Santa Catarina"]
[Date "2019.06.08"]
[Round "4.9"]
[White "Steuck, Camilli"]
[Black "Rossi, Mariana Wolff Da Si"]
[Result "0-1"]
[WhiteElo "1231"]
[BlackElo "1464"]
[PlyCount "70"]
[EventDate "2019.06.07"]
[EventType "swiss"]
[EventRounds "6"]
[EventCountry "BRA"]
[SourceTitle "EXT 2022"]
[Source "ChessBase"]
[SourceDate "2021.10.06"]
[SourceVersion "1"]
[SourceVersionDate "2021.10.06"]
[SourceQuality "1"]

1. e4 e5 2. Nf3 Nc6 3. Nc3 Nf6 4. g3 Bc5 5. Bg2 d6 6. d3 h6 7. Bd2 0-0 8. 0-0 Be6 9. Qc1 Ng4 10. Nd1 h5 11. h3 Nf6 12. c3 Qd7 13. Ng5 Rad8 14. Nxe6 Qxe6 15. Ne3 Ne7 16. c4 c6 17. b4 Bd4 18. Bc3 d5 19. cxd5 cxd5 20. exd5 Nexd5 21. Bxd4 exd4 22. Nc2 Qb6 23. Qb2 Nc3 24. Rfe1 Rfe8 25. Rxe8+ Rxe8 26. Re1 Rxe1+ 27. Nxe1 Nfd5 28. a3 a5 29. Nc2 axb4 30. axb4 Nc7 31. Qb3 Na6 32. Qc4 Qa7 33. Nxd4 Qxd4 34. Qxd4 Ne2+ 35. Kf1 Nxd4 0-1